000 00950nam a2200253Ia 4500
003 OSt
005 20221005102852.0
006 a|||||r|||| 00| 0
007 ta
008 221004b |||||||| |||| 00| 0 hin d
024 _a107464
037 _cTextual
040 _aCRL
_cCRL
_bhin
041 _2hin
_ahin
082 _aO152:g, L2
100 _aपारीक, रूपचन्द
245 0 _aहिन्दी साहित्य के इतिहास ग्रन्थों का आलोचनात्मक अध्ययन
246 _aHindī sāhitya ke itihās granthoan kā ālochanātmak adhyayana
260 _aआगरा
_bसरस्वती पुस्तक सदन भारत
_c1972
300 _a329पृ0
_ccm.
650 _aहिन्दी साहित्य
942 _hO152:g, L2
_cTEXL
_2cc
999 _c1009064
_d1009064